Markétin zvěřinec

Bibliographic Details
Main Author: Klíma, Ivan, 1931-2025 (Author)
Format: Book
Language:Czech
PhysicalDescription:106, [4] s. 8°
Published: Praha Albatros 1990
Series:Veronika
Subjects:

MARC

LEADER 00000nam a2200000 a 4500
001 vtls001328042
003 SK-MaSNL
005 20260301065810.0
008 251113s1990 xr 0 cze
035 |a SNK000280858 
040 |a SNK  |b slo  |c SNK  |e AACR2 
041 0 |a cze 
044 |a CZ 
080 |a 885.0-93  |2 1981 
080 |a 885.0-31  |2 1981 
100 1 |a Klíma, Ivan,  |d 1931-2025  |4 aut  |9 122814 
245 1 |a Markétin zvěřinec  |c Ivan Klíma ; il. Denisa Wagnerová 
260 |a Praha  |b Albatros  |c 1990 
300 |a 106, [4] s.  |c 8° 
490 1 |a Veronika 
650 0 7 |a literatúra česká  |x romány pre mládež  |2 SNK  |9 385058 
650 0 7 |a romány pre mládež, české  |2 SNK  |9 64315 
830 0 |a Veronika  |9 385059 
958 |a RK 
958 |a OND 
999 |c 632016  |d 633946 
952 |t P60, <04>, [BOOK], {604}  |a SNK  |b SNK  |y VYP  |7 0  |o snkIC 114753  |i snkKIP 4477/90  |0 0  |1 0  |4 0  |d 1998-04-17  |l 0  |r 2005-01-02 00:00:00  |w 2026-02-23 
952 |t P60, <04>, [BOOK], {604}  |a SNK  |b SNK  |y VYP  |7 0  |o snkIC 114753 D1  |i snkKIP 4478/90  |0 0  |1 0  |4 0  |d 1998-04-17  |l 0  |r 2005-01-02 00:00:00  |w 2026-02-23